MARC

LEADER 00000nam0a2200000 4500
001 333318
005 20231102004538.0
035 |a (RuTPU)RU\TPU\book\359313 
090 |a 333318 
100 |a 20170609d1962 km y0rusy50 ca 
101 0 |a rus 
102 |a RU 
105 |a a z 001zy 
200 1 |a Механизация и автоматизация станочных приспособлений  |f Х. Л. Болотин 
210 |a Москва  |c Машгиз  |d 1962 
215 |a 287 с.  |c ил. 
320 |a Библиогр.: с. 285-286 
606 1 |a Станочные приспособления  |2 stltpush  |3 (RuTPU)RU\TPU\subj\73093  |9 86301 
610 1 |a металлорежущие станки 
610 1 |a автоматизация 
610 1 |a механизация 
610 1 |a механизмы 
610 1 |a приводы 
610 1 |a регулировочная аппаратура 
610 1 |a работа 
610 1 |a подключение 
610 1 |a схемы 
610 1 |a экономическая целесообразность 
675 |a 621.9.06-229.3  |v 4 
700 1 |a Болотин  |b Х. Л. 
801 1 |a RU  |b 63413507  |c 20170609 
801 2 |a RU  |b 63413507  |c 20220506  |g RCR 
942 |c BK